000 01528nam a2200277Ia 4500
999 _c51011
_d51011
001 17968
003 GE_BSU
005 20210408121751.0
008 181216s2013||||ge |||||||||||||| ||geo||
020 _a9789941114380
041 _ageo
080 _a070.431 მ-56
100 _aმენჩერი, მელვინ
_911191
245 _aმელვინ მენჩერის ახალი ამბების გაშუქება და წერა /
_cმელვინ მენჩერი ; მთარგმნ. ლაშა გველესიანი ; სამეცნ. რედ. ნიკო ნერგაძე.
250 _aმე-12 გამოცემა
264 _aთბილისი:
_bდიოგენე,
_c2013.
300 _aXX, 579 გვ. :
_bფოტ. ; 23 სმ.
504 _aგლოსარიუმი: გვ. 570-577.
653 _aმელვინ მენჩერის ახალი ამბების გაშუქება და წერა
653 _aჟურნალისტიკა
653 _aახალი ამბების გაშუქება
700 _aგველესიანი, ლაშა
_eმთარგმნელი
_97510
700 _aნერგაძე, ნიკო
_eსამეცნიერო რედაქტორი
_911192
710 _aფონდი "ღია საზოგადოება-საქართველო"
_911193
942 _cBK
_2udc